000 00511nam a2200193Ia 4500
001 22805
003 GE_BSU
008 181216s||||||||xx |||||||||||||| ||und||
040 _cGE_BSU
245 _aЮрист. №5. 2018
245 _bФедеральный ежемесячный журнал
260 _aМосква
260 _c2018
300 _a80стр. 29см. илл.
653 _aПериодика
653 _aЮрист. №5. 2018
653 _aპერიოდიკა
942 _cCR
999 _c55710
_d55710